00000000nam 2200000zi 4500
0019.948915
003CaOODSP
00520251023073146
006m     o  d f      
007cr mn|||||||||
008250307t20252025qucab   ob   f000 0 eng d
020 |a9780660762944
040 |aCaOODSP|beng|erda|cCaOODSP
043 |an-cn-bc
0861 |aCW66-1586/2025E-PDF
24500|aAlaksen National Wildlife Area management plan 2025.
24613|aAlaksen National Wildlife Area management plan
264 1|aGatineau, Quebec : |bEnvironment and Climate Change Canada = Environnement et changement climatique Canada, |c[2025]
264 4|c©2025
300 |a1 online resource (vi, 73 pages) : |bcolour illustrations, colour maps
336 |atext|btxt|2rdacontent
337 |acomputer|bc|2rdamedia
338 |aonline resource|bcr|2rdacarrier
500 |aIssued also in French under title: Réserve nationale de faune Alaksen : plan de gestion 2025.
500 |aTitle from cover.
500 |a"EC24038"--Verso of cover.
504 |aIncludes bibliographical references (page 54).
651 0|aAlaksen National Wildlife Area (B.C.)|xManagement.
7101 |aCanada. |bEnvironment and Climate Change Canada, |eissuing body.
77508|tRéserve nationale de faune Alaksen : |w(CaOODSP)9.948916
85640|qPDF|s2.37 MB|uhttps://publications.gc.ca/collections/collection_2025/eccc/cw66/CW66-1586-2025-eng.pdf
986 |aEC24038